<?xml version="1.0" encoding="UTF-8"?>
<record
    xmlns:xsi="http://www.w3.org/2001/XMLSchema-instance"
    xsi:schemaLocation="http://www.loc.gov/MARC21/slim http://www.loc.gov/standards/marcxml/schema/MARC21slim.xsd"
    xmlns="http://www.loc.gov/MARC21/slim">

  <leader>00556nam a2200181Ia 4500</leader>
  <controlfield tag="008">230718s9999    xx            000 0 und d</controlfield>
  <datafield tag="020" ind1=" " ind2=" ">
    <subfield code="a">9788130934181</subfield>
  </datafield>
  <datafield tag="041" ind1=" " ind2=" ">
    <subfield code="a">eng</subfield>
  </datafield>
  <datafield tag="082" ind1=" " ind2=" ">
    <subfield code="a">155.2</subfield>
    <subfield code="b">BAR</subfield>
  </datafield>
  <datafield tag="100" ind1=" " ind2=" ">
    <subfield code="a">Barrett J.</subfield>
    <subfield code="9">108224</subfield>
  </datafield>
  <datafield tag="245" ind1=" " ind2=" ">
    <subfield code="a">Aptitude, Personality And Motivation Tests </subfield>
    <subfield code="b">Analyse Your Talents And Personality, And Plan Your Career </subfield>
  </datafield>
  <datafield tag="250" ind1=" " ind2=" ">
    <subfield code="a">3rd ed.</subfield>
  </datafield>
  <datafield tag="260" ind1=" " ind2=" ">
    <subfield code="c">2016</subfield>
    <subfield code="b">Source Book</subfield>
  </datafield>
  <datafield tag="300" ind1=" " ind2=" ">
    <subfield code="a">244</subfield>
  </datafield>
  <datafield tag="365" ind1=" " ind2=" ">
    <subfield code="c">Rs.</subfield>
    <subfield code="b">250.00</subfield>
  </datafield>
  <datafield tag="700" ind1=" " ind2=" ">
    <subfield code="a">Barrett J.</subfield>
    <subfield code="9">108224</subfield>
  </datafield>
  <datafield tag="906" ind1=" " ind2=" ">
    <subfield code="d">O:0360507-Oct-2016B:SE/SI/338203-Oct-2016</subfield>
    <subfield code="c">GENRL</subfield>
    <subfield code="b">312.5</subfield>
  </datafield>
  <datafield tag="999" ind1=" " ind2=" ">
    <subfield code="c">343454</subfield>
    <subfield code="d">343454</subfield>
  </datafield>
  <datafield tag="952" ind1=" " ind2=" ">
    <subfield code="0">0</subfield>
    <subfield code="1">0</subfield>
    <subfield code="4">0</subfield>
    <subfield code="7">0</subfield>
    <subfield code="a">CCEP</subfield>
    <subfield code="b">CCEP</subfield>
    <subfield code="d">2016-10-15</subfield>
    <subfield code="e">Suyog Enterprises</subfield>
    <subfield code="f">GENRL</subfield>
    <subfield code="g">187.50</subfield>
    <subfield code="i">SE/SI/3382</subfield>
    <subfield code="l">0</subfield>
    <subfield code="o">155.2</subfield>
    <subfield code="p">CCEP-BK-54661</subfield>
    <subfield code="r">2023-07-18 00:00:00</subfield>
    <subfield code="t">312.5</subfield>
    <subfield code="v">250.00</subfield>
    <subfield code="w">2016-10-03</subfield>
    <subfield code="y">BK</subfield>
    <subfield code="z">054661</subfield>
  </datafield>
</record>
